• 首页
  • 本馆介绍
  • 公告通知
  • 最新文献
  • 馆藏检索
  • 电子资源
  • 读者导购
  • 参考咨询
  • 我的图书馆
  • 登录
  • 详细信息显示
  • 放入我的书架
  • 预约/预借图书
  • 作者相关作品
  • 分类相关作品
  • 丛书相关作品
  • 出版社相关作品

书目信息

  • 表格格式
  • 工作单格式
  • 卡片格式
题名:
基于关联数据的知识发现研究
    
 
作者: 李楠 著
分册:  
出版信息: 北京   中国社会科学出版社  2016
页数: 171页
开本: 24cm
丛书名: 中国社会科学博士论文文库
单 册:
中图分类: TP182
科图分类:
主题词: 知识工程--zhi shi gong cheng--研究
电子资源:
ISBN: 978-7-5161-7778-5
000 01159nam0 22002651 450
001 1760977790
005 20170619171944.0
010    @a978-7-5161-7778-5@dCNY46.00
100    @a20161027d2016 kemy0chiy50 ea
101 0  @achi@eeng@deng
102    @aCN@b110000
105    @ay v 001yy
106    @ar
200 1  @a基于关联数据的知识发现研究@9ji yu guan lian shu ju de zhi shi fa xian yan jiu@dResearch on linked data based knowledge discovery@f李楠著@zeng
210    @a北京@c中国社会科学出版社@d2016
215    @a171页@d24cm
225 2  @a中国社会科学博士论文文库@9zhong guo she hui ke xue bo shi lun wen wen ku
330    @a本书在大量的文献调研和理论分析的基础上,指出应用关联数据可以提升知识发现的效率和能力,并且深入分析了基于关联数据的知识发现的潜力和特征,将知识发现应用的特殊性与知识发现活动的一般规律相结合,构建了基于关联数据的知识发现模型。
461  0 @12001 @a中国社会科学博士论文文库
510 1  @aResearch on linked data based knowledge discovery@zeng
606 0  @a知识工程@9zhi shi gong cheng@x研究
690    @aTP182@v5
701  0 @a李楠@9li nan@f(1976~)@4著
801  0 @aCN@b百万庄@c20170619
905    @b1013805-7@dTP182@e110@f3
    
    基于关联数据的知识发现研究=Research on linked data based knowledge discovery/李楠著.-北京:中国社会科学出版社,2016
    171页;24cm.-(中国社会科学博士论文文库)
    
    
    ISBN 978-7-5161-7778-5:CNY46.00
    本书在大量的文献调研和理论分析的基础上,指出应用关联数据可以提升知识发现的效率和能力,并且深入分析了基于关联数据的知识发现的潜力和特征,将知识发现应用的特殊性与知识发现活动的一般规律相结合,构建了基于关联数据的知识发现模型。
●
相关链接 在E读中查询图书 在五车中查询图书 在当当中查询图书 在豆瓣中查询图书


正题名:基于关联数据的知识发现研究     索取号:TP182/110         预约/预借

序号 登录号 条形码 馆藏地/架位号 状态 备注
1 1013805   210138055   第二样本阅览室/ [索取号:TP182/110] 在馆    
2 1013806   210138064   教育系资料室/ [索取号:TP182/110] 在馆    
3 1013807   210138073   第三借阅区/ [索取号:TP182/110] 在馆    
唐山师范学院图书馆 欢迎您!
大连网信软件有限公司© 版权所有